书目信息 |
| 题名: |
微量元素与生命
|
|
| 作者: | 尹吉山 , 尹宗柱 主编 | |
| 分册: | ||
| 出版信息: | 北京 中国质检出版社 2017.6 |
|
| 页数: | 326页 | |
| 开本: | 21cm | |
| 丛书名: | ||
| 单 册: | ||
| 中图分类: | R151.3 | |
| 科图分类: | ||
| 主题词: | 微量元素--关系--健康 | |
| 电子资源: | ||
| ISBN: | 978-7-5026-4432-1 | |
| 000 | 00921nam0 2200265 450 | |
| 001 | 0400002997 | |
| 005 | 20171025151339.28 | |
| 010 | @a978-7-5026-4432-1@dCNY26.00 | |
| 100 | @a20171018e2017 em y0chiy50 ea | |
| 101 | 0 | @achi |
| 102 | @aCN@b110000 | |
| 105 | @aa z 000yy | |
| 106 | @ar | |
| 200 | 1 | @a微量元素与生命@9wei liang yuan su yu sheng ming@e生命动力素技术原理及其应用@f尹吉山,尹宗柱主编 |
| 205 | @a第2版 | |
| 210 | @a北京@c中国质检出版社@d2017.6 | |
| 215 | @a326页@c图@d21cm | |
| 330 | @a本书主要介绍了生命动力素的技术原理及应用,详细阐述了微量元素与生命的密切关系、相互作用原理、微量元素对生命的重要意义。 | |
| 510 | 1 | @aMinor elements and life@zeng |
| 606 | 0 | @a微量元素@x关系@x健康 |
| 690 | @aR151.3@v5 | |
| 701 | 0 | @c(鲜)@a尹吉山@9yin ji shan@f(1959-)@4主编 |
| 701 | 0 | @c(鲜)@a尹宗柱@9yin zong zhu@f(1935-)@4主编 |
| 801 | 0 | @aCN@b91MARC@c20171021 |
| 905 | @b1021383-7@dR151.3@f5@e125=2 | |
| 微量元素与生命:生命动力素技术原理及其应用/尹吉山,尹宗柱主编.-第2版.-北京:中国质检出版社,2017.6 |
| 326页:图;21cm |
| ISBN 978-7-5026-4432-1:CNY26.00 |
| 本书主要介绍了生命动力素的技术原理及应用,详细阐述了微量元素与生命的密切关系、相互作用原理、微量元素对生命的重要意义。 |
| ● |
| 相关链接 |
|
|
|
|
正题名:微量元素与生命
索取号:R151.3/125=2
 
预约/预借
| 序号 | 登录号 | 条形码 | 馆藏地/架位号 | 状态 | 备注 |
| 1 | 1021383 | 210213838 | 第二样本阅览室/ [索取号:R151.3/125=2] | 在馆 | |
| 2 | 1021384 | 210213847 | 第三借阅区/ [索取号:R151.3/125=2] | 在馆 | |
| 3 | 1021385 | 210213856 | 第三借阅区/ [索取号:R151.3/125=2] | 在馆 | |
| 4 | 1021386 | 210213865 | 第三借阅区/ [索取号:R151.3/125=2] | 在馆 | |
| 5 | 1021387 | 210213874 | 密集书库-生命科学系/ [索取号:R151.3/125=2] | 在馆 |